| 000 | 00641 a2200193 4500 | ||
|---|---|---|---|
| 003 | Nust | ||
| 005 | 20170207153547.0 | ||
| 010 | _a 2001052889 | ||
| 020 | _a0849312787 (alk. paper) | ||
| 040 | _cNust | ||
| 082 | 0 | 0 | _a621.3827 |
| 100 | 1 | _aSadiku, Matthew N. O. | |
| 245 | 1 | 0 |
_aOptical and wireless communications : _bnext generation networks / _cMatthew N.O. Sadiku. |
| 260 |
_aBoca Raton, Fla. : _bCRC Press, _cc2002. |
||
| 300 |
_a240 p. : _bill. ; _c25 cm. |
||
| 650 | 0 | _aOptical communications. | |
| 650 | 0 | _aWireless communication systems. | |
| 856 | 4 | 2 |
_3Publisher description _uhttp://www.loc.gov/catdir/enhancements/fy0646/2001052889-d.html |
| 942 |
_2ddc _cBK |
||
| 999 |
_c188667 _d188667 |
||